[Event "Copenhagen Obro CXU New Year op"]
[Site "Copenhagen"]
[Date "2024.12.30"]
[Round "6"]
[White "Petersen, Poul Erik"]
[Black "Gregor, Bjarke"]
[Result "0-1"]
[WhiteElo "1914"]
[BlackElo "2094"]
[PlyCount "66"]
[EventDate "2024.12.27"]
[EventType "swiss"]
[EventRounds "7"]
[EventCountry "DEN"]
[SourceTitle "CB01_2025"]
[SourceDate "2025.01.01"]
[SourceVersion "1"]
[SourceVersionDate "2025.01.01"]
[SourceQuality "1"]

1. e4 c5 2. Nf3 d6 3. d4 cxd4 4. Nxd4 Nf6 5. Nc3 a6 6. a4 e5 7. Nb3 Be6 8. Be2 Be7 9. 0-0 Nbd7 10. Be3 Rc8 11. Kh1 h5 12. Bg5 h4 13. h3 Rxc3 14. bxc3 Nxe4 15. Bxe7 Qxe7 16. Qd3 Bf5 17. Qe3 Ndf6 18. c4 d5 19. cxd5 Nxd5 20. Qf3 Nf4 21. Bd3 Ng5 22. Qe3 Nxg2 23. Kxg2 Bxh3+ 24. Kh1 Bxf1 25. Rxf1 e4 26. Re1 f5 27. Qf4 Nf3 28. Re2 Rf8 29. Qe3 Rf6 30. Bxe4 fxe4 31. Qxe4 Qxe4 32. Rxe4+ Kd7 33. Kg2 h3+ 0-1

[Event "Koge op"]
[Site "Koge"]
[Date "2021.08.22"]
[Round "5"]
[White "Pedersen, Martin Rosenkilde"]
[Black "Petersen, Poul Erik"]
[Result "1-0"]
[WhiteElo "2154"]
[BlackElo "1852"]
[PlyCount "125"]
[EventDate "2021.08.22"]
[EventType "swiss (rapid)"]
[EventRounds "7"]
[EventCountry "DEN"]
[SourceTitle "EXT 2025"]
[Source "ChessBase"]
[SourceDate "2024.10.14"]
[SourceVersion "1"]
[SourceVersionDate "2024.10.14"]
[SourceQuality "1"]

1. e4 e5 2. Nf3 Nc6 3. Bb5 a6 4. Ba4 Nf6 5. Qe2 b5 6. Bb3 Be7 7. c3 d6 8. 0-0 Bg4 9. h3 Bh5 10. d3 0-0 11. Rd1 Nb8 12. Nbd2 Nbd7 13. Nf1 c5 14. Ng3 Bg6 15. Nh4 Qc7 16. Nhf5 Nb6 17. d4 c4 18. Bc2 Rfe8 19. Qf3 Bf8 20. Bg5 Nbd7 21. Rd2 Qb7 22. Rad1 Rac8 23. dxe5 dxe5 24. Nd6 Bxd6 25. Rxd6 h6 26. Be3 Re7 27. Nf5 Ree8 28. R6d2 Bxf5 29. Qxf5 Re6 30. a4 g6 31. Qf3 Kg7 32. axb5 axb5 33. b4 Ra6 34. g4 Rca8 35. g5 hxg5 36. Bxg5 Ra1 37. Bb1 R8a6 38. Kh2 Nf8 39. Bh4 N8h7 40. Qe3 Re6 41. f3 Qb6 42. Bf2 Qxe3 43. Bxe3 Nf8 44. Bc5 N8d7 45. Be3 Nb6 46. Bc2 Na4 47. Rxa1 Nxc3 48. Ra5 Re8 49. Rd6 Nh5 50. Bd2 Ne2 51. Rxb5 Nhf4 52. Bxf4 Nxf4 53. Rb7 Rh8 54. Rdd7 Rxh3+ 55. Kg1 Rxf3 56. Rxf7+ Kh6 57. b5 Rc3 58. Ba4 Ne2+ 59. Kf2 Nd4 60. b6 Ra3 61. Ra7 Ra2+ 62. Kg3 Ra1 63. b7 1-0